000 00213 a2200097 4500
001 30731
100 _aNewing, F E
245 _aAir, wind and flight
260 _aEngland
_bLadybird Bks
_c
090 _c20663
_d20663
942 _aNUST-CAE
_cM
_c11851
999 _c265804
_d265804